[Event "EIRCC 2019"]
[Site "Tallinn"]
[Date "2019.12.06"]
[Round "10.17"]
[White "Stupak, Kirill"]
[Black "Shubin, Kirill"]
[Result "1/2-1/2"]
[WhiteElo "2529"]
[BlackElo "2430"]
[Annotator "ChessBase"]
[PlyCount "86"]
[EventDate "2019.12.05"]
[EventType "swiss"]
[EventCountry "EST"]
[SourceTitle "playchess.com"]
[Source "ChessBase"]
[SourceQuality "1"]
[TimeControl "900+10"]

1. c4 {[%emt 0:00:00]} e5 {[%emt 0:00:00]} 2. g3 {[%emt 0:00:00]} Nc6 {[%emt 0:00:00]} 3. Bg2 {[%emt 0:00:00]} g6 {[%emt 0:00:00]} 4. Nc3 {[%emt 0:00:23]} Bg7 {[%emt 0:00:00]} 5. h4 {[%emt 0:00:06]} h5 {[%emt 0:00:45]} 6. d3 {[%emt 0:00:10]} Nge7 {[%emt 0:00:04]} 7. Nf3 {[%emt 0:00:24]} d6 {[%emt 0:00:18]} 8. Rb1 {[%emt 0:00:49]} a5 {[%emt 0:00:45]} 9. O-O {[%emt 0:00:19]} O-O {[%emt 0:00:10]} 10. a3 {[%emt 0:00:28]} Bg4 {[%emt 0:00:27]} 11. b4 {[%emt 0:00:34]} axb4 {[%emt 0:00:04]} 12. axb4 {[%emt 0:00:01]} Qd7 {[%emt 0:00:20]} 13. b5 {[%emt 0:00:28]} Nd8 {[%emt 0:00:04]} 14. Ne4 {[%emt 0:00:43]} Bh3 {[%emt 0:00:44]} 15. Bxh3 {[%emt 0:02:19]} Qxh3 {[%emt 0:00:02]} 16. b6 {[%emt 0:00:01]} Qd7 {[%emt 0:01:51]} 17. bxc7 {[%emt 0:01:20]} Qxc7 {[%emt 0:00:01]} 18. Qb3 {[%emt 0:00:11]} Ra6 {[%emt 0:01:58]} 19. Be3 {[%emt 0:02:19]} Qc6 {[%emt 0:01:03]} 20. Qb5 {[%emt 0:01:16]} Nf5 {[%emt 0:00:04]} 21. Bg5 {[%emt 0:01:13]} f6 {[%emt 0:01:10]} 22. Bd2 {[%emt 0:00:01]} Rf7 {[%emt 0:01:21]} 23. Nc3 {[%emt 0:00:27]} Ne6 {[%emt 0:00:18]} 24. Qb2 {[%emt 0:01:30]} Nfd4 {[%emt 0:01:14]} 25. Nxd4 {[%emt 0:00:02]} Nxd4 {[%emt 0:00:01]} 26. Be3 {[%emt 0:00:01]} Ne6 {[%emt 0:00:33]} 27. Nd5 {[%emt 0:00:01]} Ra8 {[%emt 0:00:32]} 28. Qd2 {[%emt 0:01:01]} f5 {[%emt 0:00:29]} 29. Rb6 {[%emt 0:00:48]} Qd7 {[%emt 0:00:02]} 30. Qb4 {[%emt 0:00:01]} f4 {[%emt 0:00:23]} 31. Qxd6 {[%emt 0:00:44]} Nf8 {[%emt 0:00:59]} 32. Qxd7 {[%emt 0:02:24]} Nxd7 {[%emt 0:00:01]} 33. Rxg6 {[%emt 0:00:13]} fxe3 {[%emt 0:00:06]} 34. fxe3 {[%emt 0:00:09]} Ra6 {[%emt 0:00:36]} 35. Rg5 {[%emt 0:00:07]} Rh6 {[%emt 0:00:46]} 36. e4 {[%emt 0:00:07]} Nc5 {[%emt 0:00:23]} 37. Rff5 {[%emt 0:00:08]} Ne6 {[%emt 0:00:18]} 38. Rxf7 {[%emt 0:00:06]} Kxf7 {[%emt 0:00:01]} 39. Rf5+ {[%emt 0:00:02]} Ke8 {[%emt 0:00:01]} 40. Kf2 {[%emt 0:00:29]} Rh8 {[%emt 0:00:07]} 41. e3 {[%emt 0:00:07]} Rf8 {[%emt 0:00:27]} 42. Ke2 {[%emt 0:00:01]} Rxf5 {[%emt 0:00:08]} 43. exf5 {[%emt 0:00:01]} Nc5 {[%emt 0:00:02]} 1/2-1/2

[Event "EIRCC 2019"]
[Site "Tallinn"]
[Date "2019.12.06"]
[Round "10.18"]
[White "Ruck, Robert"]
[Black "Shvyrjov, Igor"]
[Result "1-0"]
[WhiteElo "2530"]
[BlackElo "2382"]
[Annotator "ChessBase"]
[PlyCount "79"]
[EventDate "2019.12.05"]
[EventType "swiss"]
[EventCountry "EST"]
[SourceTitle "playchess.com"]
[Source "ChessBase"]
[SourceQuality "1"]
[TimeControl "900+10"]

1. Nf3 {[%emt 0:00:00]} g6 {[%emt 0:00:00]} 2. e4 {[%emt 0:00:00]} Bg7 {[%emt 0:00:00]} 3. d4 {[%emt 0:00:00]} d6 {[%emt 0:00:00]} 4. Bc4 {[%emt 0:00:00]} c6 {[%emt 0:00:08]} 5. Bb3 {[%emt 0:00:01]} Nf6 {[%emt 0:00:04]} 6. Nbd2 {[%emt 0:00:01]} O-O {[%emt 0:00:09]} 7. O-O {[%emt 0:00:02]} a5 {[%emt 0:00:04]} 8. a4 {[%emt 0:00:11]} Bg4 {[%emt 0:00:29]} 9. Re1 {[%emt 0:00:06]} e5 {[%emt 0:00:08]} 10. dxe5 {[%emt 0:00:13]} dxe5 {[%emt 0:00:02]} 11. h3 {[%emt 0:00:10]} Bxf3 {[%emt 0:00:01]} 12. Qxf3 {[%emt 0:00:03]} Nbd7 {[%emt 0:00:13]} 13. c3 {[%emt 0:00:11]} Nc5 {[%emt 0:00:13]} 14. Bc2 {[%emt 0:00:01]} Qe7 {[%emt 0:00:43]} 15. Nc4 {[%emt 0:00:20]} Qe6 {[%emt 0:02:32]} 16. Qe2 {[%emt 0:00:30]} Nh5 {[%emt 0:00:35]} 17. Be3 {[%emt 0:00:37]} Qe7 {[%emt 0:01:08]} 18. Nxa5 {[%emt 0:05:39]} Rxa5 {[%emt 0:06:56]} 19. b4 {[%emt 0:00:02]} Nxe4 {[%emt 0:00:02]} 20. Bxe4 {[%emt 0:01:05]} Raa8 {[%emt 0:00:03]} 21. Bc5 {[%emt 0:00:54]} Qg5 {[%emt 0:00:01]} 22. Bxf8 {[%emt 0:00:52]} Rxf8 {[%emt 0:00:01]} 23. Qe3 {[%emt 0:00:11]} Nf4 {[%emt 0:01:23]} 24. Qg3 {[%emt 0:03:52]} Qd8 {[%emt 0:00:32]} 25. a5 {[%emt 0:00:20]} f5 {[%emt 0:00:05]} 26. Bc2 {[%emt 0:00:01]} Qd2 {[%emt 0:00:23]} 27. Bb3+ {[%emt 0:00:12]} Kh8 {[%emt 0:00:01]} 28. Qe3 {[%emt 0:00:11]} Qd8 {[%emt 0:00:40]} 29. a6 {[%emt 0:00:09]} bxa6 {[%emt 0:00:02]} 30. Rxa6 {[%emt 0:00:02]} Qg5 {[%emt 0:01:29]} 31. Qg3 {[%emt 0:00:14]} Qd8 {[%emt 0:00:49]} 32. Rxc6 {[%emt 0:00:33]} Nd3 {[%emt 0:00:25]} 33. Rd1 {[%emt 0:01:24]} e4 {[%emt 0:00:01]} 34. Bc4 {[%emt 0:00:22]} f4 {[%emt 0:00:03]} 35. Qg4 {[%emt 0:00:01]} Qa8 {[%emt 0:00:24]} 36. Rc7 {[%emt 0:00:11]} Qa4 {[%emt 0:00:41]} 37. Bxd3 {[%emt 0:00:34]} exd3 {[%emt 0:00:09]} 38. Rxd3 {[%emt 0:00:12]} f3 {[%emt 0:00:06]} 39. Qd7 {[%emt 0:00:11]} Qa1+ {[%emt 0:00:17]} 40. Rd1 {[%emt 0:00:02]} 1-0

[Event "EIRCC 2019"]
[Site "Tallinn"]
[Date "2019.12.06"]
[Round "10.19"]
[White "Dordzhieva, Dinara"]
[Black "Stocek, Jiri"]
[Result "1-0"]
[WhiteElo "2314"]
[BlackElo "2575"]
[Annotator "ChessBase"]
[PlyCount "53"]
[EventDate "2019.12.05"]
[EventType "swiss"]
[EventCountry "EST"]
[SourceTitle "playchess.com"]
[Source "ChessBase"]
[SourceQuality "1"]
[TimeControl "900+10"]

1. Nf3 {[%emt 0:00:00]} Nf6 {[%emt 0:00:00]} 2. c4 {[%emt 0:00:00]} e6 {[%emt 0:00:04]} 3. g3 {[%emt 0:00:00]} b6 {[%emt 0:00:04]} 4. Bg2 {[%emt 0:00:00]} Bb7 {[%emt 0:00:01]} 5. O-O {[%emt 0:00:07]} a5 {[%emt 0:00:23]} 6. d4 {[%emt 0:00:23]} Na6 {[%emt 0:00:02]} 7. d5 {[%emt 0:01:15]} exd5 {[%emt 0:01:00]} 8. Nh4 {[%emt 0:00:01]} g6 {[%emt 0:00:22]} 9. cxd5 {[%emt 0:00:08]} Bg7 {[%emt 0:00:19]} 10. Nc3 {[%emt 0:00:26]} O-O {[%emt 0:00:07]} 11. e4 {[%emt 0:00:04]} Re8 {[%emt 0:00:45]} 12. Re1 {[%emt 0:00:19]} d6 {[%emt 0:00:13]} 13. Be3 {[%emt 0:01:41]} Nc5 {[%emt 0:00:30]} 14. Bd4 {[%emt 0:00:01]} Ba6 {[%emt 0:01:08]} 15. Qd2 {[%emt 0:00:47]} Qd7 {[%emt 0:00:38]} 16. Rad1 {[%emt 0:01:35]} Rad8 {[%emt 0:00:24]} 17. Qc2 {[%emt 0:00:34]} Bb7 {[%emt 0:00:36]} 18. h3 {[%emt 0:01:12]} Qc8 {[%emt 0:00:43]} 19. a3 {[%emt 0:01:11]} c6 {[%emt 0:01:53]} 20. b4 {[%emt 0:01:11]} Ncd7 {[%emt 0:00:25]} 21. dxc6 {[%emt 0:01:53]} Bxc6 {[%emt 0:00:07]} 22. Qb3 {[%emt 0:00:34]} Qa8 {[%emt 0:00:41]} 23. Nf3 {[%emt 0:01:20]} Nxe4 {[%emt 0:02:41]} 24. Bxg7 {[%emt 0:00:43]} Kxg7 {[%emt 0:00:01]} 25. Nxe4 {[%emt 0:00:02]} Bxe4 {[%emt 0:01:33]} 26. Ng5 {[%emt 0:00:15]} d5 {[%emt 0:02:15]} 27. Bxe4 {[%emt 0:00:15]} 1-0

[Event "EIRCC 2019"]
[Site "Tallinn"]
[Date "2019.12.06"]
[Round "10.20"]
[White "Belyakov, Bogdan"]
[Black "Kukk, Sander"]
[Result "1-0"]
[WhiteElo "2481"]
[BlackElo "2194"]
[Annotator "ChessBase"]
[PlyCount "57"]
[EventDate "2019.12.05"]
[EventType "swiss"]
[EventCountry "EST"]
[SourceTitle "playchess.com"]
[Source "ChessBase"]
[SourceQuality "1"]
[TimeControl "900+10"]

1. e4 {[%emt 0:00:00]} g6 {[%emt 0:00:00]} 2. d4 {[%emt 0:00:00]} Bg7 {[%emt 0:00:00]} 3. Nc3 {[%emt 0:00:00]} d6 {[%emt 0:00:00]} 4. f4 {[%emt 0:00:02]} Nf6 {[%emt 0:00:09]} 5. Nf3 {[%emt 0:00:12]} O-O {[%emt 0:00:12]} 6. Bd3 {[%emt 0:00:13]} Na6 {[%emt 0:00:46]} 7. O-O {[%emt 0:03:04]} c5 {[%emt 0:00:14]} 8. d5 {[%emt 0:01:36]} Nc7 {[%emt 0:00:26]} 9. a4 {[%emt 0:00:32]} Rb8 {[%emt 0:00:46]} 10. Qe1 {[%emt 0:00:08]} a6 {[%emt 0:00:29]} 11. a5 {[%emt 0:00:22]} b5 {[%emt 0:00:40]} 12. axb6 {[%emt 0:00:03]} Rxb6 {[%emt 0:00:01]} 13. Qh4 {[%emt 0:00:13]} Nb5 {[%emt 0:02:28]} 14. Nxb5 {[%emt 0:01:57]} axb5 {[%emt 0:00:02]} 15. c3 {[%emt 0:00:01]} c4 {[%emt 0:01:28]} 16. Bc2 {[%emt 0:00:03]} b4 {[%emt 0:00:02]} 17. f5 {[%emt 0:00:43]} bxc3 {[%emt 0:01:19]} 18. bxc3 {[%emt 0:00:04]} Qc7 {[%emt 0:00:34]} 19. Ng5 {[%emt 0:02:35]} Re8 {[%emt 0:02:44]} 20. fxg6 {[%emt 0:00:46]} hxg6 {[%emt 0:00:01]} 21. Be3 {[%emt 0:00:48]} Rb2 {[%emt 0:00:07]} 22. Ba4 {[%emt 0:00:02]} Bd7 {[%emt 0:00:21]} 23. Bd4 {[%emt 0:01:05]} Bxa4 {[%emt 0:00:39]} 24. Rxa4 {[%emt 0:00:04]} Reb8 {[%emt 0:00:20]} 25. Ra7 {[%emt 0:00:49]} R2b7 {[%emt 0:00:42]} 26. Rxb7 {[%emt 0:00:12]} Rxb7 {[%emt 0:00:21]} 27. h3 {[%emt 0:00:13]} Qb8 {[%emt 0:00:13]} 28. Kh2 {[%emt 0:00:28]} Rb1 {[%emt 0:00:39]} 29. Rxf6 {[%emt 0:00:22]} 1-0

[Event "EIRCC 2019"]
[Site "Tallinn"]
[Date "2019.12.06"]
[Round "10.21"]
[White "Lintchevski, Daniil"]
[Black "Mickevicius, Juras"]
[Result "1/2-1/2"]
[WhiteElo "2538"]
[BlackElo "2270"]
[Annotator "ChessBase"]
[PlyCount "77"]
[EventDate "2019.12.05"]
[EventType "swiss"]
[EventCountry "EST"]
[SourceTitle "playchess.com"]
[Source "ChessBase"]
[SourceQuality "1"]
[TimeControl "900+10"]

1. e4 {[%emt 0:00:00]} c6 {[%emt 0:00:00]} 2. d4 {[%emt 0:00:00]} d5 {[%emt 0:00:00]} 3. exd5 {[%emt 0:00:06]} cxd5 {[%emt 0:00:00]} 4. Bd3 {[%emt 0:00:03]} Nc6 {[%emt 0:00:00]} 5. c3 {[%emt 0:00:02]} Qc7 {[%emt 0:00:00]} 6. Ne2 {[%emt 0:00:05]} Bg4 {[%emt 0:00:32]} 7. O-O {[%emt 0:00:06]} Nf6 {[%emt 0:00:22]} 8. Qe1 {[%emt 0:00:22]} Bh5 {[%emt 0:01:58]} 9. f4 {[%emt 0:00:49]} Bxe2 {[%emt 0:00:33]} 10. Qxe2 {[%emt 0:00:03]} g6 {[%emt 0:00:10]} 11. Nd2 {[%emt 0:00:30]} Bg7 {[%emt 0:00:02]} 12. Nf3 {[%emt 0:00:09]} O-O {[%emt 0:00:03]} 13. Ne5 {[%emt 0:00:56]} e6 {[%emt 0:00:06]} 14. Bd2 {[%emt 0:01:04]} Ne7 {[%emt 0:00:21]} 15. g4 {[%emt 0:00:29]} Nc8 {[%emt 0:00:19]} 16. g5 {[%emt 0:00:17]} Nd7 {[%emt 0:00:06]} 17. h4 {[%emt 0:00:18]} Nd6 {[%emt 0:00:41]} 18. h5 {[%emt 0:00:03]} Nf5 {[%emt 0:00:16]} 19. Rf3 {[%emt 0:00:54]} Rfe8 {[%emt 0:00:42]} 20. Rh3 {[%emt 0:02:17]} Bxe5 {[%emt 0:00:39]} 21. fxe5 {[%emt 0:00:11]} Nf8 {[%emt 0:00:02]} 22. Kg2 {[%emt 0:00:31]} a6 {[%emt 0:00:07]} 23. Rah1 {[%emt 0:00:24]} Re7 {[%emt 0:00:06]} 24. a4 {[%emt 0:00:53]} Rc8 {[%emt 0:00:04]} 25. b3 {[%emt 0:01:25]} Qb6 {[%emt 0:00:19]} 26. Qd1 {[%emt 0:00:55]} Rec7 {[%emt 0:01:18]} 27. Bb1 {[%emt 0:00:07]} Qa7 {[%emt 0:01:06]} 28. Bd3 {[%emt 0:00:52]} Qb6 {[%emt 0:00:44]} 29. Rf1 {[%emt 0:00:18]} Qc6 {[%emt 0:00:10]} 30. Qe2 {[%emt 0:00:19]} Rb8 {[%emt 0:00:59]} 31. Ra1 {[%emt 0:00:19]} Qd7 {[%emt 0:01:43]} 32. Rhh1 {[%emt 0:00:30]} Rbc8 {[%emt 0:00:32]} 33. Rh3 {[%emt 0:00:19]} Rb8 {[%emt 0:00:02]} 34. a5 {[%emt 0:00:26]} Rbc8 {[%emt 0:00:24]} 35. Ra4 {[%emt 0:00:21]} Ng7 {[%emt 0:00:21]} 36. h6 {[%emt 0:00:51]} Nf5 {[%emt 0:00:03]} 37. Rb4 {[%emt 0:00:31]} Qe7 {[%emt 0:00:05]} 38. Qe1 {[%emt 0:00:40]} Nd7 {[%emt 0:00:22]} 39. Kh2 {[%emt 0:00:22]} 1/2-1/2

[Event "EIRCC 2019"]
[Site "Tallinn"]
[Date "2019.12.06"]
[Round "10.22"]
[White "Lobanov, Sergei"]
[Black "Khakimov, Timur"]
[Result "1-0"]
[WhiteElo "2504"]
[BlackElo "2274"]
[Annotator "ChessBase"]
[PlyCount "123"]
[EventDate "2019.12.05"]
[EventType "swiss"]
[EventCountry "EST"]
[SourceTitle "playchess.com"]
[Source "ChessBase"]
[SourceQuality "1"]
[TimeControl "900+10"]

1. e4 {[%emt 0:00:00]} e5 {[%emt 0:00:08]} 2. Nf3 {[%emt 0:00:00]} Nc6 {[%emt 0:00:01]} 3. Bb5 {[%emt 0:00:00]} f5 {[%emt 0:00:02]} 4. d3 {[%emt 0:01:48]} fxe4 {[%emt 0:00:02]} 5. dxe4 {[%emt 0:00:01]} Nf6 {[%emt 0:00:02]} 6. O-O {[%emt 0:01:53]} Bc5 {[%emt 0:00:19]} 7. Bxc6 {[%emt 0:00:38]} bxc6 {[%emt 0:00:01]} 8. Nxe5 {[%emt 0:00:02]} O-O {[%emt 0:00:54]} 9. Qd3 {[%emt 0:01:38]} Qe7 {[%emt 0:00:10]} 10. Qb3+ {[%emt 0:01:41]} Kh8 {[%emt 0:00:24]} 11. Nd3 {[%emt 0:00:01]} Bb6 {[%emt 0:01:36]} 12. Nc3 {[%emt 0:01:02]} Nxe4 {[%emt 0:00:31]} 13. Nxe4 {[%emt 0:00:11]} Qxe4 {[%emt 0:00:04]} 14. Be3 {[%emt 0:00:35]} Bxe3 {[%emt 0:00:47]} 15. Rae1 {[%emt 0:00:05]} Ba6 {[%emt 0:03:45]} 16. Rxe3 {[%emt 0:00:02]} Qd4 {[%emt 0:00:05]} 17. c3 {[%emt 0:00:08]} Qf6 {[%emt 0:01:00]} 18. Qc2 {[%emt 0:00:12]} Rae8 {[%emt 0:00:08]} 19. Qd2 {[%emt 0:02:35]} Rxe3 {[%emt 0:01:26]} 20. Qxe3 {[%emt 0:00:01]} c5 {[%emt 0:00:22]} 21. Rd1 {[%emt 0:01:04]} d6 {[%emt 0:00:07]} 22. f3 {[%emt 0:00:06]} Bb5 {[%emt 0:00:08]} 23. Re1 {[%emt 0:00:36]} h6 {[%emt 0:00:04]} 24. Qd2 {[%emt 0:00:41]} Qg6 {[%emt 0:00:36]} 25. Re3 {[%emt 0:01:27]} Bc6 {[%emt 0:00:11]} 26. Qe2 {[%emt 0:00:07]} Qg5 {[%emt 0:00:22]} 27. Nf2 {[%emt 0:01:08]} Bd5 {[%emt 0:01:15]} 28. b3 {[%emt 0:00:43]} a5 {[%emt 0:00:36]} 29. c4 {[%emt 0:00:04]} Bc6 {[%emt 0:00:06]} 30. Ne4 {[%emt 0:00:35]} Qe5 {[%emt 0:00:30]} 31. Nc3 {[%emt 0:00:03]} Qd4 {[%emt 0:00:13]} 32. Kf1 {[%emt 0:00:01]} a4 {[%emt 0:00:34]} 33. Nxa4 {[%emt 0:00:30]} d5 {[%emt 0:01:15]} 34. Rd3 {[%emt 0:00:30]} Qh4 {[%emt 0:00:03]} 35. Qf2 {[%emt 0:00:23]} Qxf2+ {[%emt 0:01:29]} 36. Kxf2 {[%emt 0:00:02]} dxc4 {[%emt 0:00:02]} 37. Rc3 {[%emt 0:00:00]} cxb3 {[%emt 0:00:02]} 38. axb3 {[%emt 0:00:03]} Bxa4 {[%emt 0:00:54]} 39. bxa4 {[%emt 0:00:01]} Ra8 {[%emt 0:00:01]} 40. Rc4 {[%emt 0:00:11]} Ra5 {[%emt 0:00:04]} 41. Ke3 {[%emt 0:00:02]} Kg8 {[%emt 0:00:01]} 42. Ke4 {[%emt 0:00:01]} Kf7 {[%emt 0:00:10]} 43. Kd5 {[%emt 0:00:02]} Ke7 {[%emt 0:00:02]} 44. Kc6 {[%emt 0:00:28]} Kd8 {[%emt 0:00:01]} 45. Rg4 {[%emt 0:00:13]} g5 {[%emt 0:00:02]} 46. h4 {[%emt 0:00:01]} Ra6+ {[%emt 0:00:25]} 47. Kxc5 {[%emt 0:00:34]} Ra5+ {[%emt 0:00:00]} 48. Kc6 {[%emt 0:00:18]} gxh4 {[%emt 0:00:13]} 49. Rxh4 {[%emt 0:00:14]} h5 {[%emt 0:00:01]} 50. Rf4 {[%emt 0:00:16]} Ra6+ {[%emt 0:00:44]} 51. Kb5 {[%emt 0:00:11]} Rb6+ {[%emt 0:00:01]} 52. Kc5 {[%emt 0:00:02]} Rg6 {[%emt 0:00:02]} 53. g4 {[%emt 0:00:05]} hxg4 {[%emt 0:00:01]} 54. fxg4 {[%emt 0:00:01]} Rg5+ {[%emt 0:00:06]} 55. Kc6 {[%emt 0:00:04]} Rg6+ {[%emt 0:00:00]} 56. Kb5 {[%emt 0:00:11]} Kc8 {[%emt 0:00:05]} 57. Rb4 {[%emt 0:00:20]} Kb7 {[%emt 0:00:15]} 58. Kc5+ {[%emt 0:00:08]} Ka6 {[%emt 0:00:01]} 59. Kd5 {[%emt 0:00:08]} Ka5 {[%emt 0:00:01]} 60. Rc4 {[%emt 0:00:01]} c6+ {[%emt 0:00:12]} 61. Ke5 {[%emt 0:00:03]} c5 {[%emt 0:00:08]} 62. Kf5 {[%emt 0:00:18]} 1-0

[Event "EIRCC 2019"]
[Site "Tallinn"]
[Date "2019.12.06"]
[Round "10.23"]
[White "Martynov, Roman"]
[Black "Studer, Noel"]
[Result "0-1"]
[WhiteElo "2322"]
[BlackElo "2546"]
[Annotator "ChessBase"]
[PlyCount "86"]
[EventDate "2019.12.05"]
[EventType "swiss"]
[EventCountry "EST"]
[SourceTitle "playchess.com"]
[Source "ChessBase"]
[SourceQuality "1"]
[TimeControl "900+10"]

1. d4 {[%emt 0:00:00]} d5 {[%emt 0:00:00]} 2. c4 {[%emt 0:00:00]} dxc4 {[%emt 0:00:00]} 3. e3 {[%emt 0:00:01]} Nf6 {[%emt 0:00:00]} 4. Bxc4 {[%emt 0:00:13]} e6 {[%emt 0:00:00]} 5. Nf3 {[%emt 0:00:10]} a6 {[%emt 0:00:00]} 6. O-O {[%emt 0:00:11]} c5 {[%emt 0:00:00]} 7. dxc5 {[%emt 0:00:15]} Bxc5 {[%emt 0:00:00]} 8. Qxd8+ {[%emt 0:00:36]} Kxd8 {[%emt 0:00:00]} 9. Ne5 {[%emt 0:00:01]} Ke7 {[%emt 0:00:00]} 10. Be2 {[%emt 0:00:03]} Nbd7 {[%emt 0:00:20]} 11. Nc4 {[%emt 0:02:32]} b6 {[%emt 0:00:02]} 12. Nbd2 {[%emt 0:02:42]} a5 {[%emt 0:00:01]} 13. Nb3 {[%emt 0:00:04]} Ba6 {[%emt 0:00:01]} 14. Nxc5 {[%emt 0:00:14]} bxc5 {[%emt 0:00:01]} 15. b3 {[%emt 0:00:27]} Rhb8 {[%emt 0:01:36]} 16. Ba3 {[%emt 0:02:45]} a4 {[%emt 0:00:08]} 17. Rfb1 {[%emt 0:00:01]} Nd5 {[%emt 0:00:15]} 18. Bf3 {[%emt 0:00:02]} axb3 {[%emt 0:05:02]} 19. axb3 {[%emt 0:00:01]} Bxc4 {[%emt 0:00:01]} 20. bxc4 {[%emt 0:00:01]} Rxa3 {[%emt 0:00:05]} 21. cxd5 {[%emt 0:00:21]} Ne5 {[%emt 0:00:41]} 22. dxe6 {[%emt 0:00:20]} Nxf3+ {[%emt 0:00:08]} 23. gxf3 {[%emt 0:00:01]} Kxe6 {[%emt 0:00:03]} 24. Rxb8 {[%emt 0:00:47]} Rxa1+ {[%emt 0:00:01]} 25. Kg2 {[%emt 0:00:01]} Ra7 {[%emt 0:00:01]} 26. Rc8 {[%emt 0:00:48]} Kd5 {[%emt 0:00:03]} 27. f4 {[%emt 0:02:15]} Kc4 {[%emt 0:00:17]} 28. f5 {[%emt 0:00:54]} f6 {[%emt 0:00:57]} 29. f4 {[%emt 0:00:04]} Kb4 {[%emt 0:00:22]} 30. e4 {[%emt 0:00:13]} Re7 {[%emt 0:00:02]} 31. Kf3 {[%emt 0:00:17]} c4 {[%emt 0:00:09]} 32. Ke3 {[%emt 0:00:01]} Kb3 {[%emt 0:01:15]} 33. Rb8+ {[%emt 0:00:54]} Kc2 {[%emt 0:00:57]} 34. Kd4 {[%emt 0:00:03]} c3 {[%emt 0:00:02]} 35. e5 {[%emt 0:00:01]} Rd7+ {[%emt 0:00:01]} 36. Ke4 {[%emt 0:00:06]} Kd2 {[%emt 0:04:38]} 37. e6 {[%emt 0:01:29]} Rc7 {[%emt 0:00:01]} 38. Kd5 {[%emt 0:00:12]} c2 {[%emt 0:00:30]} 39. Rb2 {[%emt 0:00:03]} Ke3 {[%emt 0:00:01]} 40. Rxc2 {[%emt 0:01:39]} Rxc2 {[%emt 0:00:02]} 41. e7 {[%emt 0:00:01]} Rc8 {[%emt 0:00:01]} 42. Ke6 {[%emt 0:00:01]} Kxf4 {[%emt 0:00:05]} 43. Kd7 {[%emt 0:00:01]} Ra8 {[%emt 0:00:02]} 0-1

[Event "EIRCC 2019"]
[Site "Tallinn"]
[Date "2019.12.06"]
[Round "10.24"]
[White "Nasibullin, Iskander"]
[Black "Vlassow, Valentin"]
[Result "1/2-1/2"]
[WhiteElo "2109"]
[BlackElo "2257"]
[Annotator "TA"]
[PlyCount "131"]
[EventDate "2019.12.05"]
[EventType "swiss"]
[EventCountry "EST"]
[SourceTitle "playchess.com"]
[Source "ChessBase"]
[SourceQuality "1"]

{[%evp 11,131,24,28,27,58,50,66,46,64,58,71,85,90,99,245,239,381,390,395,392,408,393,490,403,418,248,240,240,232,115,787,241,239,249,232,222,209,211,226,226,226,228,278,270,398,399,468,433,414,415,358,181,179,84,64,76,60,25,112,69,171,166,167,162,162,90,90,90,106,106,106,106,105,28,85,28,28,28,42,41,32,0,0,0,0,0,0,0,0,0,0,0,0,0,0,0,0,0,0,0,0,0,0,0,0,0,0,0,0,0,0,0,0,0,0,0,0,0,0,0,0,0]} 1. e4 Nf6 2. e5 Nd5 3. d4 d6 4. Nf3 dxe5 5. Nxe5 c6 6. Bc4 Nd7 7. Nf3 {B04: Alekhine's Defence: 4 Nf3} g6 (7... N7f6 8. Bb3 Bg4 9. h3 Bh5 10. g4 Bg6 11. Ne5 Nd7 12. Nxg6 hxg6 13. c4 Nc7 14. Nc3 e5 {1-0 (31) Demchenko,A (2664)-Pavlov,S (2491) Konya 2018}) 8. O-O Bg7 9. Re1 {White is slightly better.} O-O 10. Bb3 Re8 11. c4 N5b6 $146 ({Predecessor:} 11... Nc7 12. Nc3 b6 13. Bf4 Bb7 14. Qd2 Nf6 15. Rad1 e6 16. Ne5 Rc8 17. Bg5 {1-0 (41) Shulman,Y (2520)-Conquest,S (2490) Stockholm 1999}) 12. Nc3 e5 (12... Nf6 $16) 13. Bg5 $18 Qc7 (13... Bf6 {was called for.}) 14. c5 Nd5 15. Bxd5 cxd5 16. Nxd5 Qb8 17. dxe5 Nxc5 18. Nf6+ (18. Be7 $142 b6 19. Bd6) 18... Bxf6 19. Bxf6 {Qd2 would kill now.} Bg4 20. Qc1 (20. Qd5 $18 {is more deadly.} b6 21. Ng5) 20... Bxf3 $4 {[%mdl 8192]} (20... Nd7 $16) 21. Qxc5 $2 ({Weaker is} 21. gxf3 Nd7 $16) (21. Qh6 {[%csl Gf6][%cal Rh6g7]} Ne6 22. gxf3) 21... Bc6 22. Qe3 $40 {[%mdl 128] White threatens Qh6 and mate. White wants a kill.} Re6 23. Rad1 Qf8 24. Rd4 Rae8 {With the idea ...Rxf6.} 25. Qd2 Qc5 {Strongly threatening ...Rxf6!} 26. Rc1 Qf8 27. f4 h6 {[#]} (27... Qh6 {might work better.} 28. h3 Qh5) 28. f5 $1 {[%mdl 512]} gxf5 29. Qf2 Be4 30. Rc3 Kh7 31. Rg3 (31. Qf4 $142) 31... Rxe5 32. Rg7+ (32. Bxe5 $18 {and White stays clearly on top. Threatening mate with Rxe4!} Rxe5 33. Rd7) 32... Qxg7 $16 33. Bxg7 Kxg7 34. Rd6 R5e6 (34... Bc6 $1 $11 35. Qd4 Kg8) 35. Qd4+ (35. Rxe6 {with more complications.} fxe6 36. Qxa7 Kg6 37. Qc5 Rd8 38. Qb6) 35... Kg8 {[#]} ({Better is} 35... Kg6 $14) 36. Rxe6 $1 $18 Rxe6 37. Qxa7 {[%mdl 4096] Endgame KQ-KRB} Rc6 38. Qe3 (38. Qb8+ $18 Kh7 39. Qe8) 38... Rc2 $16 {[%mdl 64] Double Attack} 39. Qxh6 Rxg2+ 40. Kf1 Rxb2 41. Qg5+ Kh7 {[#]} 42. Qh4+ (42. Qf6 $1 $16 {[%cal Rf6f7]} Rb1+ 43. Kf2) 42... Kg8 (42... Kg6 $11) 43. Qg3+ (43. Qd8+ $16 Kh7 44. Qf6 Rb1+ 45. Kf2) 43... Kh7 $11 44. Qc7 Kg6 45. Qd6+ {[%mdl 1024] White has compensation.} f6 46. a3 Rb1+ {The position is equal.} 47. Kf2 Rb2+ 48. Ke3 Rb3+ 49. Ke2 Rb2+ 50. Ke1 Rb1+ 51. Kd2 Rb3 52. Qf8 Rd3+ 53. Ke2 f4 54. Qe8+ Kf5 55. Qc8+ Kg5 56. Qg8+ Kf5 57. Qh7+ {[#]} Ke5 $1 58. Qe7+ Kf5 59. Qc5+ Kg4 60. Qc8+ Kg5 61. Qg8+ Kf5 62. Qh7+ {[#]} Ke5 $1 63. Qc7+ Kf5 64. Qh7+ {[#]} Ke5 $1 65. Qe7+ Kf5 66. Qh7+ {Accuracy: White = 53%, Black = 47%.} 1/2-1/2